000
00332nam a2200145Ia 4500
100
_a
Ghoshal/Sumantra
942
_c
RB
654
_a
Managing radical
245
_a
Managing Radical with Indian Companies Change
260
_b
Viking
_c
2000
082
_a
658.406
_b
GHO/PIR
300
_a
344
546
_a
ENGLISH
999
_c
32096
_d
32096